Office 2013 simplified (Record no. 12894)
[ view plain ]
| 000 -LEADER | |
|---|---|
| fixed length control field | 01650nam a2200433 a 4500 |
| 082 04 - DEWEY DECIMAL CLASSIFICATION NUMBER | |
| Classification number | 005.5 |
| 100 1# - MAIN ENTRY--AUTHOR NAME | |
| Personal name | Marmel, Elaine. |
| 245 10 - TITLE STATEMENT | |
| Title | Office 2013 simplified |
| 250 ## - EDITION STATEMENT | |
| Edition statement | 1st ed. |
| 260 ## - PUBLICATION, DISTRIBUTION, ETC. (IMPRINT) | |
| Place of publication | Indianapolis, Ind. : |
| Name of publisher | John Wiley & Sons, |
| Year of publication | 2013. |
| 300 ## - PHYSICAL DESCRIPTION | |
| Number of Pages | 395 p. : |
| Other physical details | ill. (some col.) |
| 650 #0 - SUBJECT ADDED ENTRY--TOPICAL TERM | |
| Topical Term | Word processing. |
| Topical Term | Business |
| Topical Term | Electronic spreadsheets. |
| Topical Term | Presentation graphics software. |
| Topical Term | Database management |
| 856 40 - ELECTRONIC LOCATION AND ACCESS | |
| Uniform Resource Identifier | http://site.ebrary.com/lib/rucke/Doc?id=10684919 |
No items available.
